[Event "Steinfurt Bezirksliga 1819"]
[Site "Germany"]
[Date "2019.03.16"]
[Round "8.7"]
[White "Wessel, Heinz"]
[Black "Muhmann, Reinhard"]
[Result "0-1"]
[WhiteElo "1468"]
[BlackElo "1429"]
[PlyCount "74"]
[EventDate "2018.09.01"]
[EventType "team-tourn"]
[EventRounds "10"]
[EventCountry "GER"]
[SourceTitle "EXT 2020"]
[Source "ChessBase"]
[SourceDate "2019.10.17"]
[SourceVersion "1"]
[SourceVersionDate "2019.10.17"]
[SourceQuality "1"]
[WhiteTeam "Steinfurt II"]
[BlackTeam "Emsdetten Rochade IV"]
[WhiteTeamCountry "GER"]
[BlackTeamCountry "GER"]

1. Nf3 d5 2. e3 g6 3. d4 Bg7 4. b3 Nf6 5. Bb2 0-0 6. Ne5 Nbd7 7. Nd2 Nxe5 8. dxe5 Nd7 9. Nf3 e6 10. h4 c5 11. c4 Qa5+ 12. Qd2 Qxd2+ 13. Kxd2 Nb6 14. Ba3 Nd7 15. Bb2 b6 16. Rd1 Bb7 17. Kc1 Rad8 18. h5 h6 19. Bd3 Kh7 20. g4 d4 21. Rh3 Bxf3 22. Rxf3 Nxe5 23. hxg6+ fxg6 24. Rxf8 Rxf8 25. exd4 Nxd3+ 26. Rxd3 Rxf2 27. Re3 Rxb2 28. Rxe6 Bxd4 29. Re7+ Kg8 30. Rxa7 Rf2 31. Rd7 Rf7 32. Rd6 Rf6 33. Rd8+ Kf7 34. b4 Ke7 35. Rd5 Rd6 36. Kc2 Rxd5 37. cxd5 Kd6 0-1

[Event "Steinfurt Bezirksliga 1516"]
[Site "Germany"]
[Date "2015.11.28"]
[Round "3.6"]
[White "Werremeyer, Achim"]
[Black "Muhmann, Reinhard"]
[Result "1-0"]
[WhiteElo "1700"]
[BlackElo "1429"]
[PlyCount "43"]
[EventDate "2015.09.19"]
[EventType "team-tourn"]
[EventRounds "9"]
[EventCountry "GER"]
[SourceTitle "EXT 2017"]
[Source "ChessBase"]
[SourceDate "2016.10.25"]
[SourceVersion "1"]
[SourceVersionDate "2016.10.25"]
[SourceQuality "1"]
[WhiteTeam "Ibbenbueren"]
[BlackTeam "Emsdetten Rochade IV"]
[WhiteTeamCountry "GER"]
[BlackTeamCountry "GER"]

1. Nf3 d5 2. d4 Nf6 3. c4 Bg4 4. Ne5 Bh5 5. Qb3 b6 6. e3 Ng4 7. Qb5+ Nd7 8. Nc6 Qc8 9. Nc3 a6 10. Qb3 dxc4 11. Bxc4 e6 12. Bxe6 Bd6 13. Bf5 0-0 14. e4 Qe8 15. 0-0 Nc5 16. dxc5 Bxc5 17. Nb4 Qe5 18. Bxg4 Bxg4 19. Nd3 Qh5 20. Nxc5 bxc5 21. Be3 Qg6 22. Nd5 1-0

[Event "Steinfurt Bezirksliga 1314"]
[Site "Germany"]
[Date "2013.11.09"]
[Round "3.4"]
[White "Radisic, Sascha"]
[Black "Muhmann, Reinhard"]
[Result "1/2-1/2"]
[WhiteElo "1671"]
[BlackElo "1405"]
[PlyCount "105"]
[EventDate "2013.09.14"]
[EventType "team-tourn"]
[EventRounds "9"]
[EventCountry "GER"]
[SourceTitle "EXT 2015"]
[Source "ChessBase"]
[SourceDate "2014.11.20"]
[SourceVersion "1"]
[SourceVersionDate "2014.11.20"]
[SourceQuality "1"]
[WhiteTeam "Steinfurt II"]
[BlackTeam "Emsdetten Rochade III"]
[WhiteTeamCountry "GER"]
[BlackTeamCountry "GER"]

1. Nf3 d6 2. c4 e5 3. g3 Nf6 4. Bg2 Be7 5. 0-0 0-0 6. b3 Nbd7 7. Bb2 Nc5 8. d3 Rb8 9. e3 b6 10. Re1 Bb7 11. Nc3 a6 12. Qc2 Re8 13. d4 Bxf3 14. Bxf3 Ncd7 15. Bc6 Rf8 16. Qf5 Rc8 17. Bb7 Rb8 18. Bxa6 Ra8 19. Bb7 Ra7 20. Bg2 exd4 21. exd4 Ra5 22. Nb5 Nb8 23. Bc3 Rxb5 24. Qxb5 Nfd7 25. Re2 Bf6 26. Qd5 Qc8 27. Rae1 Qa6 28. Qb5 Qc8 29. Qd5 Qd8 30. Re3 g6 31. Bh3 Bg7 32. Qe4 c5 33. d5 Bxc3 34. Rxc3 Qf6 35. Rce3 Qe5 36. Qxe5 dxe5 37. f4 f6 38. Be6+ Kg7 39. h4 h6 40. Kg2 Rh8 41. Kf3 h5 42. Rg1 Rf8 43. g4 exf4 44. Kxf4 hxg4 45. Bxg4 Ne5 46. Be6 Rh8 47. Kg3 Na6 48. d6 Nb4 49. a3 Nc2 50. Re2 Nd4 51. Rxe5 fxe5 52. Bg4 Kf6 53. b4 1/2-1/2

[Event "Steinfurt Bezirksliga 1112"]
[Site "Germany"]
[Date "2012.03.31"]
[Round "7.3"]
[White "Bloemker, Martin"]
[Black "Muhmann, Reinhard"]
[Result "1-0"]
[WhiteElo "1429"]
[BlackElo "1503"]
[PlyCount "83"]
[EventDate "2011.10.01"]
[EventType "team-tourn"]
[EventRounds "9"]
[EventCountry "GER"]
[SourceTitle "EXT 2013"]
[Source "ChessBase"]
[SourceDate "2012.11.22"]
[SourceVersion "1"]
[SourceVersionDate "2012.11.22"]
[SourceQuality "1"]
[WhiteTeam "Steinfurt III"]
[BlackTeam "Emsdetten Rochade III"]
[WhiteTeamCountry "GER"]
[BlackTeamCountry "GER"]

1. Nf3 d6 2. g3 e5 3. d4 exd4 4. Nxd4 Nf6 5. Bg2 Be7 6. c4 0-0 7. 0-0 Nbd7 8. Nc3 Ne5 9. b3 a6 10. Bb2 Rb8 11. Qc2 c5 12. Nf3 Nxf3+ 13. Bxf3 Re8 14. Rad1 b5 15. cxb5 axb5 16. Bc6 Bd7 17. Bg2 Qc7 18. Rd2 Bc6 19. e4 b4 20. Nd5 Nxd5 21. exd5 Bb5 22. Re1 Qd8 23. Qf5 Bf6 24. Rxe8+ Qxe8 25. Be4 Bxb2 26. Qxh7+ Kf8 27. Qh8+ Ke7 28. Qxe8+ Rxe8 29. Rxb2 Kf6 30. f3 Ke5 31. Rd2 f5 32. Bd3 Bd7 33. f4+ Kxd5 34. Bxf5+ Kc6 35. Bxd7+ Kxd7 36. Kf2 Re4 37. Kf3 Re1 38. f5 Kc6 39. h4 d5 40. Re2 Rxe2 41. Kxe2 d4 42. f6 1-0

[Event "Steinfurt Bezirksliga 0708"]
[Site "Germany"]
[Date "2007.12.01"]
[Round "4.2"]
[White "Muhmann, Reinhard"]
[Black "Henschen, Daniel"]
[Result "0-1"]
[WhiteElo "1468"]
[BlackElo "1700"]
[PlyCount "86"]
[EventDate "2007.09.22"]
[EventType "team-tourn"]
[EventRounds "9"]
[EventCountry "GER"]
[SourceTitle "EXT 2009"]
[Source "ChessBase"]
[SourceDate "2008.11.26"]
[SourceVersion "1"]
[SourceVersionDate "2008.11.26"]
[SourceQuality "1"]
[WhiteTeam "Emsdetten Rochade III"]
[BlackTeam "Saerbeck II"]
[WhiteTeamCountry "GER"]
[BlackTeamCountry "GER"]

1. e4 b6 2. d4 Bb7 3. Nc3 e6 4. Bd3 Nc6 5. Be3 Nb4 6. Nge2 Nxd3+ 7. cxd3 g6 8. 0-0 Bg7 9. Rc1 a6 10. f3 Ne7 11. Qb3 0-0 12. a4 d5 13. Rc2 Rc8 14. Rfc1 c5 15. Na2 cxd4 16. Bxd4 Bxd4+ 17. Nxd4 dxe4 18. Nxe6 fxe6 19. Qxe6+ Rf7 20. Rxc8 Bxc8 21. Qxe4 Bf5 22. Qe5 Qd5 23. Qxd5 Nxd5 24. Kf2 Bxd3 25. Rc6 Re7 26. Nc1 Bf5 27. Rd6 Rd7 28. Rxd7 Bxd7 29. b3 Nb4 30. Ne2 Kf7 31. Nd4 Be6 32. Ke3 Ke7 33. h4 Kd6 34. g4 Nc6 35. Nxe6 Kxe6 36. f4 Kd5 37. f5 gxf5 38. g5 Ke5 39. h5 f4+ 40. Kf2 Kf5 41. g6 hxg6 42. h6 Kf6 43. Kf3 g5 0-1

[Event "Steinfurt Bezirksliga 0607"]
[Site "Germany"]
[Date "2006.11.04"]
[Round "3.7"]
[White "Muhmann, Reinhard"]
[Black "Pohlmeier, Ulrich"]
[Result "1/2-1/2"]
[WhiteElo "1492"]
[BlackElo "1589"]
[PlyCount "130"]
[EventDate "2006.09.09"]
[EventType "team-tourn"]
[EventRounds "9"]
[EventCountry "GER"]
[SourceTitle "EXT 2008"]
[Source "ChessBase"]
[SourceDate "2007.11.25"]
[SourceVersion "1"]
[SourceVersionDate "2007.11.25"]
[SourceQuality "1"]
[WhiteTeam "Emsdetten Rochade III"]
[BlackTeam "Rheine Klein Berlin II"]
[WhiteTeamCountry "GER"]
[BlackTeamCountry "GER"]

1. e4 e5 2. Nf3 Nc6 3. Bc4 Bc5 4. c3 Nf6 5. d3 0-0 6. Bg5 h6 7. Bh4 Be7 8. 0-0 Nh7 9. Bg3 d6 10. h3 Ng5 11. Nbd2 Be6 12. Bb3 Bxb3 13. Qxb3 b6 14. a3 Na5 15. Qa2 Ne6 16. b4 Nb7 17. Qd5 Rb8 18. Rac1 Qd7 19. d4 Nf4 20. Bxf4 exf4 21. Ne5 Qe8 22. Nc6 Bg5 23. Nxb8 Qxb8 24. Nf3 Be7 25. Qf5 g5 26. Rfe1 Qd8 27. Qd5 Qc8 28. Qf5 Qe8 29. e5 Qc6 30. Qe4 d5 31. Qd3 b5 32. e6 f5 33. Ne5 Qe8 34. Nd7 Nd6 35. Nxf8 Qxf8 36. f3 Nc4 37. Re2 c6 38. Rce1 Qf6 39. Re5 Nxe5 40. Rxe5 Kg7 41. Qxf5 Qxf5 42. Rxf5 Bf6 43. e7 Bxe7 44. Re5 Kf7 45. Kf2 a6 46. Re2 h5 47. Ra2 Ke6 48. a4 h4 49. axb5 axb5 50. Ra6 Kd6 51. Ra8 Ke6 52. Rh8 Kd6 53. Rh6+ Kd7 54. Rg6 Kc7 55. Rg8 Kd7 56. Ra8 Kd6 57. Ra7 Ke6 58. Rc7 Kd6 59. Ra7 Ke6 60. Rb7 Kd6 61. Ke2 Ke6 62. Rb6 Kd6 63. Kd3 Kc7 64. Ra6 Kd6 65. Ke2 Kc7 1/2-1/2

[Event "Steinfurt Bezirksliga 0506"]
[Site "Germany"]
[Date "2006.03.09"]
[Round "7.8"]
[White "Altenaehr, Johannes"]
[Black "Muhmann, Reinhard"]
[Result "1/2-1/2"]
[WhiteElo "1489"]
[BlackElo "1492"]
[PlyCount "110"]
[EventDate "2005.09.24"]
[EventType "team-tourn"]
[EventRounds "9"]
[EventCountry "GER"]
[SourceTitle "EXT 2006"]
[Source "ChessBase"]
[SourceDate "2005.11.24"]
[SourceVersion "1"]
[SourceVersionDate "2005.11.24"]
[SourceQuality "1"]
[WhiteTeam "Rheine"]
[BlackTeam "Emsdetten Rochade II"]
[WhiteTeamCountry "GER"]
[BlackTeamCountry "GER"]

1. Nf3 d5 2. d4 Nf6 3. g3 e6 4. Bg2 Be7 5. 0-0 0-0 6. Nc3 b6 7. b3 Bb7 8. a4 a6 9. Ba3 Bxa3 10. Rxa3 Qd6 11. Ra1 Nbd7 12. e3 Rac8 13. Ne2 c5 14. c3 Rc7 15. dxc5 bxc5 16. c4 Ne5 17. Nxe5 Qxe5 18. cxd5 exd5 19. Nf4 Rd8 20. Rc1 d4 21. Bxb7 Rxb7 22. Nd3 Qe7 23. exd4 cxd4 24. Re1 Qd6 25. Rc4 Rc7 26. Rxc7 Qxc7 27. Qc1 Qc3 28. Qxc3 dxc3 29. Nb4 Rd2 30. Rc1 a5 31. Nc2 Ne4 32. b4 axb4 33. Nxb4 Rxf2 34. Rc2 Rd2 35. a5 Rxc2 36. Nxc2 Nc5 37. Kf2 Kf8 38. Ke3 Ke7 39. Nb4 c2 40. Nxc2 Na6 41. Kd4 Kd6 42. Kc4 Nb8 43. Nd4 Kc7 44. Kb5 Kb7 45. Nf5 Na6 46. Nd6+ Ka7 47. Nxf7 Nc7+ 48. Kc5 Ne6+ 49. Kd6 Nd4 50. Ng5 h6 51. Ne6 Nf3 52. h4 Nd2 53. g4 g5 54. hxg5 hxg5 55. Nxg5 Nc4+ 1/2-1/2

[Event "Steinfurt Bezirksklasse 0506"]
[Site "Germany"]
[Date "2005.12.03"]
[Round "4.8"]
[White "Jarvers, Hermann"]
[Black "Muhmann, Reinhard"]
[Result "1/2-1/2"]
[WhiteElo "1398"]
[BlackElo "1492"]
[PlyCount "63"]
[EventDate "2005.09.10"]
[EventType "team-tourn"]
[EventRounds "7"]
[EventCountry "GER"]
[SourceTitle "EXT 2006"]
[Source "ChessBase"]
[SourceDate "2005.11.24"]
[SourceVersion "1"]
[SourceVersionDate "2005.11.24"]
[SourceQuality "1"]
[WhiteTeam "Rheine SG"]
[BlackTeam "Emsdetten Rochade III"]
[WhiteTeamCountry "GER"]
[BlackTeamCountry "GER"]

1. d4 d5 2. c4 e6 3. Nc3 Bb4 4. a3 Bxc3+ 5. bxc3 dxc4 6. Qa4+ c6 7. Qxc4 Nd7 8. e4 Ngf6 9. Bg5 Qc7 10. e5 Nd5 11. Nf3 Qa5 12. Bd2 Nf8 13. Qd3 Qd8 14. c4 Nc7 15. Qb3 Ng6 16. Bg5 Qd7 17. Bd3 0-0 18. h4 h6 19. Be3 a6 20. Qc2 Ne7 21. g4 b5 22. g5 h5 23. Nd2 g6 24. Ne4 Ne8 25. Nf6+ Nxf6 26. gxf6 Nf5 27. Bxf5 exf5 28. Qe2 Kh7 29. Qf3 Rh8 30. Rg1 Kg8 31. c5 Qd5 32. Qxd5 1/2-1/2